Statistics for Mal's "Walk the Coast of Eurasia" From Portugal Going North.

Click here to take the quiz!

General Stats

  • This quiz has been taken 381 times
    (216 since last reset)
  • The average score is 55 of 72

Answer Stats

Hint Answer % Correct
Portugal - NSpain
99%
NFrance
99%
NBelgium
96%
NNetherlands
96%
EGermany
96%
NDenmark
96%
SGermany
91%
EPoland
91%
NRussia
90%
NLithuania
89%
NLatvia
89%
NEstonia
89%
ERussia
89%
NWNorway
87%
WSweden
87%
WFinland
87%
SERussia
86%
WChina
74%
SWVietnam
74%
NWCambodia
74%
NNorth Korea
74%
SSouth Korea
74%
SWNorth Korea
74%
SWKuwait
73%
NLebanon
73%
SEgypt
73%
NSaudi Arabia
73%
SWYemen
73%
SOman
73%
SUnited Arab Emirates
73%
SSaudi Arabia
73%
WPortugal
73%
WIraq
73%
WIran
73%
NWPakistan
73%
WIndia
73%
NWThailand
73%
WIsrael
72%
NSpain
72%
SESaudi Arabia
72%
NEIsrael
72%
EUnited Arab Emirates
72%
NQatar
72%
NMyanmar
72%
NBangladesh
72%
NJordan
71%
N (Khasab)Oman
71%
WFrance
71%
WItaly
71%
NThailand
71%
WGreece
71%
SEMalaysia
71%
NSyria
71%
NTurkey
71%
WUkraine
70%
NWRussia
70%
SSpain
70%
WFrance
70%
NSlovenia
70%
NWCroatia
70%
NWBosnia & Herzegovina
70%
NWAlbania
70%
NEGeorgia
70%
STurkey
70%
SBulgaria
70%
SRomania
70%
NWCroatia
69%
NWMontenegro
69%
WMonaco
69%
SGibraltar, UK
69%
NWUkraine
69%
SRussia (Crimea)
69%

Score Distribution

Percentile by Number Answered

Percent of People with Each Score

Your Score History

You have not taken this quiz since the last reset